| 000 | 00666nam a2200193Ia 4500 | ||
|---|---|---|---|
| 003 | GCL | ||
| 008 | 140319s9999 xx 000 0 ara d | ||
| 040 |
_aGCL / _cGCL |
||
| 082 | 0 | 4 |
_a953.103 _bا ت |
| 100 | 1 | _aمحمد امين توفيق ( تحقيق) | |
| 245 | 1 | 0 |
_aتاريخ اشراف الحجاز 1883-1840 : خلاصة الكلام فى بيان امراء البلد الحرام / _cمحمد امين توفيق ( تحقيق) |
| 700 | 1 | _aاحمد بن زينى وحلان | |
| 300 | _a107 | ||
| 490 |
_aكتاب _v0 |
||
| 650 | 0 | 4 | _aتاريخ |
| 650 | 0 | 4 | _aالحجاز |
| 650 | 0 | 4 | _aالمملكة العربية السعودية |
| 942 |
_2ddc _cBK |
||
| 999 |
_c42552 _d42552 |
||